[Event "DEM U16w 2010"]
[Site "Oberhof GER"]
[Date "2010.05.23"]
[Round "1"]
[White "Klek, Hanna-Marie"]
[Black "Zeller, Elisa"]
[Result "0-1"]
[Termination "normal"]
[Board "1"]
[WhiteElo "2133"]
[BlackElo "1708"]
[PlyCount "120"]
[WhiteFideId "24670057"]
[BlackFideId "24662410"]
[EventCountry "GER"]
[EventRounds "9"]
[EventType "swiss"]
[EventDate "2010.05.22"]

1. e4 d6 2. d4 Nf6 3. Nc3 g6 4. f4 e6 5. Nf3 Bg7 6. Bd3 O-O 7. O-O a6 8. Kh1 c5
9. dxc5 dxc5 10. f5 c4 11. Bxc4 Qxd1 12. Rxd1 exf5 13. Be3 Nc6 14. Bb3 Be6 15.
exf5 Bxf5 16. Bc5 Rfe8 17. Ng5 Nd8 18. Re1 Ne6 19. Nxe6 Bxe6 20. Bxe6 Rxe6 21.
Rxe6 fxe6 22. Re1 Rc8 23. Bd4 Kf7 24. Re2 Rc4 25. Be5 Nd5 26. Bxg7 Kxg7 27.
Nxd5 exd5 28. c3 Kf6 29. Kg1 b5 30. Kf2 a5 31. Ke3 Re4+ 32. Kd3 Rxe2 33. Kxe2
a4 34. Kd3 Ke5 35. Ke3 h6 36. g3 h5 37. h4 Kf5 38. Kf3 Ke5 39. Ke3 Kf5 40. Kd4
Kg4 41. Kxd5 Kxg3 42. Kc5 Kxh4 43. Kxb5 Kg3 44. c4 h4 45. c5 h3 46. c6 h2 47.
c7 h1=Q 48. c8=Q Qd5+ 49. Qc5 Qxc5+ 50. Kxc5 g5 51. Kb4 g4 52. Kxa4 Kf2 53. b4
g3 54. b5 g2 55. Ka5 g1=Q 56. a4 Kf3 57. Ka6 Ke4 58. b6 Qf1+ 59. Ka5 Kd5 60. b7
Qb1 0-1

[Event "DEM U16w 2010"]
[Site "Oberhof GER"]
[Date "2010.05.23"]
[Round "1"]
[White "Zimmerer, Leah"]
[Black "Schulz, Anja"]
[Result "0-1"]
[Termination "normal"]
[Board "2"]
[WhiteElo "1618"]
[BlackElo "1972"]
[PlyCount "52"]
[WhiteFideId "4620240"]
[BlackFideId "24647845"]
[EventCountry "GER"]
[EventRounds "9"]
[EventType "swiss"]
[EventDate "2010.05.22"]

1. e4 c5 2. Nf3 d6 3. d4 cxd4 4. Nxd4 Nf6 5. Nc3 a6 6. Bc4 e6 7. Bb3 Nbd7 8.
O-O Nc5 9. Re1 Be7 10. f3 O-O 11. Be3 Qc7 12. Rf1 b5 13. Qe1 Nfd7 14. Rd1 Nb6
15. Qf2 Rb8 16. Nb1 Rd8 17. c3 Nxb3 18. axb3 d5 19. Ne2 Bd7 20. Ng3 Bc6 21. Nd2
Nd7 22. exd5 Bxd5 23. Nge4 f5 24. Ng3 f4 25. Nh5 fxe3 26. Qxe3 Bc5 0-1

[Event "DEM U16w 2010"]
[Site "Oberhof GER"]
[Date "2010.05.23"]
[Round "1"]
[White "Stark, Saskia"]
[Black "Schätz, Bianca"]
[Result "1-0"]
[Termination "normal"]
[Board "3"]
[WhiteElo "1993"]
[BlackElo "1836"]
[PlyCount "67"]
[WhiteFideId "4601050"]
[BlackFideId "24655821"]
[EventCountry "GER"]
[EventRounds "9"]
[EventType "swiss"]
[EventDate "2010.05.22"]

1. e4 c5 2. Nc3 Nc6 3. Bb5 g6 4. Bxc6 bxc6 5. d3 Bg7 6. Nge2 d6 7. h3 Nh6 8.
Be3 f6 9. Qd2 Nf7 10. Na4 O-O 11. O-O Qc7 12. c4 Rb8 13. Rad1 f5 14. Ng3 fxe4
15. dxe4 Ba6 16. b3 Rbd8 17. Qc2 e5 18. Qc1 Bb7 19. Rd3 Rd7 20. Rfd1 Rfd8 21.
Qd2 Bc8 22. Nf1 Bf6 23. Nh2 Bg7 24. Ng4 a6 25. Nh2 Kf8 26. Nf3 Kg8 27. Ng5 Qb8
28. Ne6 Re8 29. Nexc5 Rdd8 30. Qa5 dxc5 31. Rxd8 Nxd8 32. Rxd8 Kf7 33. Bxc5 Qb7
34. Bd6 1-0

[Event "DEM U16w 2010"]
[Site "Oberhof GER"]
[Date "2010.05.23"]
[Round "1"]
[White "Schmitt, Katrin"]
[Black "Schäfer, Daniela"]
[Result "1/2-1/2"]
[Termination "normal"]
[Board "4"]
[WhiteElo "1728"]
[BlackElo "1917"]
[PlyCount "61"]
[WhiteFideId "24654400"]
[BlackFideId "4624769"]
[EventCountry "GER"]
[EventRounds "9"]
[EventType "swiss"]
[EventDate "2010.05.22"]

1. e4 d6 2. d4 Nf6 3. Nc3 e5 4. Nf3 Nbd7 5. h3 c6 6. Bc4 Be7 7. dxe5 Nxe5 8.
Nxe5 dxe5 9. Qxd8+ Bxd8 10. Be3 b5 11. Bd3 Bb6 12. Bxb6 axb6 13. O-O Be6 14. a3
O-O 15. Rad1 Rfd8 16. Rfe1 Nh5 17. Ne2 Rd7 18. g4 Nf4 19. Nxf4 exf4 20. Kg2
Rad8 21. Be2 Rxd1 22. Rxd1 Rxd1 23. Bxd1 g5 24. f3 Kg7 25. Kf2 Kf6 26. Ke1 Ke5
27. Kd2 h5 28. Be2 h4 29. Kd3 Bc4+ 30. Kd2 Be6 31. Kd3 1/2-1/2

[Event "DEM U16w 2010"]
[Site "Oberhof GER"]
[Date "2010.05.23"]
[Round "1"]
[White "Düssler, Stefanie"]
[Black "Rosenfeld, Elisabeth"]
[Result "1-0"]
[Termination "normal"]
[Board "5"]
[WhiteElo "1828"]
[BlackElo "1601"]
[PlyCount "47"]
[WhiteFideId "4634780"]
[BlackFideId "4624742"]
[EventCountry "GER"]
[EventRounds "9"]
[EventType "swiss"]
[EventDate "2010.05.22"]

1. e4 e5 2. Nf3 Nf6 3. Nxe5 d6 4. Nf3 Nxe4 5. Nc3 Bf5 6. Nd4 Bg6 7. Qf3 Qe7 8.
Be2 Nxc3 9. Qxc3 c5 10. Nf3 Nc6 11. O-O Qxe2 12. Re1 Nd4 13. d3 Kd7 14. Nxd4
cxd4 15. Qb4 Qxe1+ 16. Qxe1 d5 17. Qa5 Kc6 18. Bf4 Rc8 19. Qa4+ b5 20. Qa6+ Kd7
21. Qxb5+ Ke7 22. Qb7+ Kd8 23. Qxd5+ Ke8 24. Re1+ 1-0

[Event "DEM U16w 2010"]
[Site "Oberhof GER"]
[Date "2010.05.23"]
[Round "1"]
[White "Kostré, Margarita"]
[Black "Müller, Laura Margarita"]
[Result "1-0"]
[Termination "normal"]
[Board "7"]
[WhiteElo "1779"]
[BlackElo "1544"]
[PlyCount "87"]
[WhiteFideId "4673344"]
[BlackFideId "12917923"]
[EventCountry "GER"]
[EventRounds "9"]
[EventType "swiss"]
[EventDate "2010.05.22"]

1. e4 e5 2. Nf3 Nc6 3. d4 exd4 4. Nxd4 Nf6 5. Nc3 Bb4 6. Nxc6 bxc6 7. Bd3 d5 8.
exd5 cxd5 9. O-O O-O 10. Bg5 Bb7 11. Qf3 Rb8 12. Qf5 Bc8 13. Qf4 Be7 14. Bxf6
Bxf6 15. Nb5 Rb7 16. Nd4 c5 17. Nf3 Rxb2 18. Rfb1 c4 19. Rxb2 Bxb2 20. Rb1 cxd3
21. Rxb2 dxc2 22. Rxc2 h6 23. Rc7 a6 24. h3 Be6 25. Nd4 Qb8 26. Qe5 Qb1+ 27.
Kh2 Qg6 28. Rc6 Qe4 29. Qxe4 dxe4 30. Nxe6 fxe6 31. Kg1 Rd8 32. Rxa6 Rd1+ 33.
Kh2 Rd2 34. Kg3 Kf7 35. a4 Kf6 36. a5 g5 37. Ra8 Ra2 38. a6 Kf7 39. a7 Ra3+ 40.
Kh2 Ra6 41. Rh8 Rxa7 42. Rh7+ Kg6 43. Rxa7 Kf5 44. g4+ 1-0

[Event "DEM U16w 2010"]
[Site "Oberhof GER"]
[Date "2010.05.23"]
[Round "1"]
[White "Voggenreiter, Sara"]
[Black "Pohl, Theresa"]
[Result "0-1"]
[Termination "normal"]
[Board "8"]
[WhiteElo "1587"]
[BlackElo "1821"]
[PlyCount "68"]
[WhiteFideId "24615358"]
[EventCountry "GER"]
[EventRounds "9"]
[EventType "swiss"]
[EventDate "2010.05.22"]

1. e4 e6 2. d4 d5 3. Nc3 Bb4 4. e5 c5 5. a3 Ba5 6. Nge2 Nc6 7. g4 cxd4 8. Nxd4
Nxe5 9. Bf4 Nc6 10. b4 Bb6 11. Nf3 Nge7 12. Bg2 O-O 13. O-O Ng6 14. Bc1 d4 15.
Ne4 e5 16. Bb2 f5 17. Ned2 Be6 18. c4 e4 19. Ne1 e3 20. Ndf3 Bxc4 21. Nd3 Re8
22. Qc2 Bf7 23. Kh1 Rc8 24. fxe3 dxe3 25. Nfe1 e2 26. Rf2 Nxb4 27. Qb1 Nxd3 28.
Rxf5 Nf2+ 29. Kg1 Nd1+ 30. Kh1 Qd2 31. Nd3 e1=Q+ 32. Nxe1 Rxe1+ 33. Rf1 Rxf1+
34. Bxf1 Qf2 0-1

[Event "DEM U16w 2010"]
[Site "Oberhof GER"]
[Date "2010.05.23"]
[Round "1"]
[White "Harder, Anne"]
[Black "Maiwald, Anja"]
[Result "1-0"]
[Termination "normal"]
[Board "9"]
[WhiteElo "1719"]
[BlackElo "1478"]
[PlyCount "115"]
[WhiteFideId "4614631"]
[EventCountry "GER"]
[EventRounds "9"]
[EventType "swiss"]
[EventDate "2010.05.22"]

1. e4 c6 2. d4 d5 3. e5 c5 4. c3 Nc6 5. Nf3 Bg4 6. Be2 e6 7. O-O Nge7 8. h3
Bxf3 9. Bxf3 Nf5 10. Be3 Be7 11. Bg4 O-O 12. Bxf5 exf5 13. Qf3 Qd7 14. Rd1 Rad8
15. Nd2 cxd4 16. cxd4 f6 17. Qg3 fxe5 18. dxe5 Qe6 19. Nf3 Kh8 20. Nd4 Qxe5 21.
Qxe5 Nxe5 22. Ne6 b6 23. Nxf8 Bxf8 24. Rac1 Nc4 25. Bd4 Bd6 26. b3 Ne5 27. Rc3
Ng6 28. Rdc1 Ne7 29. Re3 Kg8 30. Be5 Bc5 31. Rg3 Ng6 32. Bb2 d4 33. Rd1 Nf4 34.
Kf1 g6 35. b4 Bxb4 36. Rxd4 Rxd4 37. Bxd4 Kf7 38. Rb3 Bd6 39. Be3 Nd5 40. Bd2
a5 41. a4 Bb4 42. Bxb4 Nxb4 43. Rc3 Nd5 44. Rc6 Ke7 45. Ke2 Kd7 46. Rc4 Nb4 47.
Ke3 Nd5+ 48. Kd4 Kd6 49. g3 Ne7 50. f3 Nc6+ 51. Ke3 g5 52. f4 h6 53. g4 fxg4
54. hxg4 Kd5 55. Re4 Kd6 56. f5 Ne5 57. Kd4 Nc6+ 58. Kc4 1-0

[Event "DEM U16w 2010"]
[Site "Oberhof GER"]
[Date "2010.05.23"]
[Round "1"]
[White "Brühan, Caren"]
[Black "Tran, My Linh"]
[Result "1/2-1/2"]
[Termination "normal"]
[Board "10"]
[WhiteElo "1458"]
[BlackElo "1801"]
[PlyCount "57"]
[WhiteFideId "24691976"]
[BlackFideId "24682462"]
[EventCountry "GER"]
[EventRounds "9"]
[EventType "swiss"]
[EventDate "2010.05.22"]

1. d4 c5 2. d5 Nf6 3. Nc3 g6 4. Nf3 d6 5. Bg5 Bg7 6. e4 O-O 7. Bc4 a6 8. a4
Nbd7 9. O-O h6 10. Bf4 Ng4 11. Qd2 Qb6 12. Rab1 Kh7 13. Kh1 Qb4 14. Bd3 c4 15.
Be2 Nc5 16. h3 Nf6 17. e5 dxe5 18. Bxe5 Rd8 19. Qf4 Nxa4 20. Nxa4 Qxa4 21. b3
Qe8 22. bxc4 Nh5 23. Qh4 Bxe5 24. Nxe5 Rb8 25. Bxh5 gxh5 26. Qxh5 f6 27. Qxe8
Rxe8 28. Nd3 Bf5 29. Rfd1 1/2-1/2

[Event "DEM U16w 2010"]
[Site "Oberhof GER"]
[Date "2010.05.23"]
[Round "1"]
[White "Sancar, Alina"]
[Black "Lange, Anika"]
[Result "1-0"]
[Termination "normal"]
[Board "11"]
[WhiteElo "1790"]
[BlackElo "1356"]
[PlyCount "81"]
[WhiteFideId "4624750"]
[BlackFideId "24693405"]
[EventCountry "GER"]
[EventRounds "9"]
[EventType "swiss"]
[EventDate "2010.05.22"]

1. e4 c5 2. Nf3 Nc6 3. d4 cxd4 4. Nxd4 e5 5. Nb5 a6 6. Nd6+ Bxd6 7. Qxd6 Qf6 8.
Qd1 Qg6 9. Nc3 Nge7 10. Be3 O-O 11. a3 b5 12. Bc5 Re8 13. g3 Na5 14. Bg2 Nb7
15. Bxe7 Rxe7 16. Nd5 Qd6 17. Nxe7+ Qxe7 18. O-O Nd6 19. Qd3 Nc4 20. b3 Nxa3
21. Rfd1 b4 22. c4 bxc3 23. Qxc3 Nb5 24. Qc4 Na3 25. Qd5 Rb8 26. Rac1 Nb5 27.
Qc4 h6 28. Bf1 Bb7 29. Qa4 Bc8 30. Bxb5 axb5 31. Qa7 Ba6 32. Qxb8+ Kh7 33. Qb6
Qa3 34. Ra1 Qxb3 35. Qxa6 Qb4 36. Rxd7 Qc4 37. Qb7 Qc3 38. Rad1 b4 39. Rxf7 Kg6
40. Rxg7+ Kh5 41. Qf7# 1-0

[Event "DEM U16w 2010"]
[Site "Oberhof GER"]
[Date "2010.05.23"]
[Round "1"]
[White "Reck, Jessica"]
[Black "Marx, Inga"]
[Result "0-1"]
[Termination "normal"]
[Board "12"]
[WhiteElo "1296"]
[BlackElo "1756"]
[PlyCount "92"]
[WhiteFideId "12917931"]
[BlackFideId "4654749"]
[EventCountry "GER"]
[EventRounds "9"]
[EventType "swiss"]
[EventDate "2010.05.22"]

1. d4 d5 2. c4 e6 3. Nc3 Nf6 4. Nf3 Be7 5. Bg5 O-O 6. e3 h6 7. Bh4 Nbd7 8. Qc2
b6 9. Bd3 Bb7 10. Bg3 dxc4 11. Bxc4 Bb4 12. Bd3 Nh5 13. O-O-O Bxc3 14. Qxc3 Rc8
15. Kb1 c5 16. dxc5 Rxc5 17. Qb4 Nxg3 18. hxg3 Qc7 19. Qf4 Qxf4 20. gxf4 Bxf3
21. gxf3 Nf6 22. Rc1 Rxc1+ 23. Rxc1 Rd8 24. Rd1 g6 25. Kc2 h5 26. Bf1 Nd5 27.
a3 Rc8+ 28. Kd2 Kg7 29. Rc1 Rxc1 30. Kxc1 Kf6 31. Kd2 Nc7 32. e4 e5 33. Ke3 Ne6
34. f5 Nf4 35. fxg6 fxg6 36. b3 h4 37. Kd2 h3 38. Bxh3 Nxh3 39. Ke3 Ke6 40. Ke2
Kd6 41. b4 Kc6 42. a4 a5 43. bxa5 bxa5 44. Kd3 Kc5 45. Kc3 g5 46. f4 gxf4 0-1

[Event "DEM U16w 2010"]
[Site "Oberhof GER"]
[Date "2010.05.23"]
[Round "1"]
[White "Rogasch, Miriam"]
[Black "Brandt, Carina"]
[Result "1-0"]
[Termination "normal"]
[Board "13"]
[WhiteElo "1884"]
[BlackElo "1084"]
[PlyCount "81"]
[WhiteFideId "4616324"]
[BlackFideId "12917940"]
[EventCountry "GER"]
[EventRounds "9"]
[EventType "swiss"]
[EventDate "2010.05.22"]

1. e4 e5 2. Nf3 Nc6 3. Nc3 Nf6 4. d4 exd4 5. Nxd4 Bc5 6. Be3 Nxd4 7. Bxd4 Bb6
8. Bc4 O-O 9. e5 Bxd4 10. Qxd4 Ng4 11. O-O-O Qg5+ 12. Kb1 Qxe5 13. Qxg4 d5 14.
Qe2 Qe6 15. Nxd5 Qxe2 16. Bxe2 c6 17. Ne7+ Kh8 18. Rd4 Be6 19. Bd3 g6 20. Bc4
Rad8 21. Rhd1 Rxd4 22. Rxd4 Re8 23. Nxg6+ hxg6 24. Re4 Rd8 25. Kc1 Bxc4 26.
Rxc4 Rd5 27. Re4 Kg7 28. Re7 Rb5 29. c4 Rc5 30. b3 b5 31. Rxa7 bxc4 32. b4 Re5
33. Rd7 Re1+ 34. Kc2 Ra1 35. Kb2 Rg1 36. g3 Rg2 37. Rd2 Rxh2 38. Kc3 f5 39.
Kxc4 Kh6 40. a4 Kg5 41. f4+ 1-0

[Event "DEM U16w 2010"]
[Site "Oberhof GER"]
[Date "2010.05.23"]
[Round "1"]
[White "Möller, Nadine"]
[Black "Rethmann, Kristin"]
[Result "0-1"]
[Termination "normal"]
[Board "14"]
[WhiteElo "1042"]
[BlackElo "1782"]
[PlyCount "72"]
[BlackFideId "24655805"]
[EventCountry "GER"]
[EventRounds "9"]
[EventType "swiss"]
[EventDate "2010.05.22"]

1. e4 Nf6 2. Nc3 d5 3. d4 dxe4 4. Bf4 Bf5 5. Bc4 e6 6. Nge2 Bb4 7. O-O O-O 8.
a3 Ba5 9. b4 Bb6 10. d5 exd5 11. Nxd5 Nxd5 12. Bxd5 c6 13. Bb3 Nd7 14. Ng3 Bg6
15. Qe2 Re8 16. Rad1 Bc7 17. Bxc7 Qxc7 18. Rd4 Nf6 19. Rfd1 Rad8 20. Rxd8 Rxd8
21. Rxd8+ Qxd8 22. h3 Qd4 23. c4 Kf8 24. c5 Nd7 25. Bc2 f5 26. Nh5 Qa1+ 27. Kh2
Qxa3 28. Nf4 Qxb4 29. Ne6+ Ke7 30. Ng5 h6 31. Nxe4 fxe4 32. f3 Qxc5 33. Bxe4
Bxe4 34. Qxe4+ Qe5+ 35. Kg1 Qxe4 36. fxe4 a5 0-1

[Event "DEM U16w 2010"]
[Site "Oberhof GER"]
[Date "2010.05.23"]
[Round "2"]
[White "Marx, Inga"]
[Black "Stark, Saskia"]
[Result "1/2-1/2"]
[Termination "normal"]
[Board "2"]
[WhiteElo "1756"]
[BlackElo "1993"]
[PlyCount "88"]
[WhiteFideId "4654749"]
[BlackFideId "4601050"]
[EventCountry "GER"]
[EventRounds "9"]
[EventType "swiss"]
[EventDate "2010.05.22"]

1. e4 c5 2. Nf3 e6 3. d4 cxd4 4. Nxd4 a6 5. g3 b5 6. Bg2 Bb7 7. O-O Qc7 8. Be3
Nf6 9. Nd2 d6 10. c3 Nbd7 11. Qe2 Be7 12. Rac1 Nc5 13. f3 O-O 14. b4 Na4 15. c4
bxc4 16. Rxc4 Qd7 17. Rfc1 Rfc8 18. a3 d5 19. R4c2 Rxc2 20. Rxc2 e5 21. Nf5 Bf8
22. Qd3 d4 23. Bg5 Ne8 24. Bh3 Qb5 25. Qb3 Nc3 26. Bf1 Qd7 27. Nc4 Qc7 28. Bd2
g6 29. Nh6+ Bxh6 30. Bxh6 Rc8 31. Bd2 Nb5 32. Bd3 Qe7 33. Kg2 Qe6 34. Qb2 Bc6
35. Na5 Bd7 36. Bc4 Qh3+ 37. Kg1 Ned6 38. Bf1 Qe6 39. Rxc8+ Bxc8 40. a4 Nc7 41.
Qc2 Qd7 42. Bg5 Kg7 43. Nc6 f6 44. Bd2 Bb7 1/2-1/2

[Event "DEM U16w 2010"]
[Site "Oberhof GER"]
[Date "2010.05.23"]
[Round "2"]
[White "Rethmann, Kristin"]
[Black "Düssler, Stefanie"]
[Result "0-1"]
[Termination "normal"]
[Board "3"]
[WhiteElo "1782"]
[BlackElo "1828"]
[PlyCount "90"]
[WhiteFideId "24655805"]
[BlackFideId "4634780"]
[EventCountry "GER"]
[EventRounds "9"]
[EventType "swiss"]
[EventDate "2010.05.22"]

1. e4 e6 2. d4 d5 3. exd5 exd5 4. Bd3 Bd6 5. Ne2 Nc6 6. c3 Nge7 7. Qc2 Bg4 8.
f3 Bh5 9. Bf4 Bg6 10. Nd2 Qd7 11. O-O-O O-O-O 12. Nf1 Rde8 13. Nfg3 h5 14. Bxg6
Nxg6 15. Bxd6 Qxd6 16. Qf5+ Qe6 17. Kd2 Nh4 18. Qxe6+ fxe6 19. Rhg1 g6 20. f4
Rhf8 21. Rdf1 Ne7 22. Nc1 Ng8 23. Nd3 Nf6 24. Ne5 Re7 25. h3 Rg7 26. Nf3 Nf5
27. Nxf5 Ne4+ 28. Kd3 gxf5 29. Nd2 Rfg8 30. g4 hxg4 31. hxg4 Rxg4 32. Rxg4 Rxg4
33. Nxe4 fxe4+ 34. Kd2 Rg2+ 35. Kc1 Rg3 36. f5 Rf3 37. Rxf3 exf3 38. Kd2 exf5
39. Ke3 Kd7 40. Kxf3 Ke6 41. Ke3 b5 42. Kf3 c6 43. Kg3 Kf7 44. Kf3 Kg6 45. Kg3
Kg5 0-1

[Event "DEM U16w 2010"]
[Site "Oberhof GER"]
[Date "2010.05.23"]
[Round "2"]
[White "Kühnel, Lena"]
[Black "Sancar, Alina"]
[Result "0-1"]
[Termination "normal"]
[Board "4"]
[WhiteElo "1858"]
[BlackElo "1790"]
[PlyCount "88"]
[WhiteFideId "24640956"]
[BlackFideId "4624750"]
[EventCountry "GER"]
[EventRounds "9"]
[EventType "swiss"]
[EventDate "2010.05.22"]

1. e4 c5 2. Nf3 Nc6 3. d4 cxd4 4. Nxd4 g6 5. c4 Bg7 6. Be3 d6 7. Nc3 Nf6 8. Be2
O-O 9. O-O Bd7 10. f3 Ne8 11. Nxc6 Bxc6 12. Qd2 Nf6 13. b4 b6 14. Rab1 Qd7 15.
Rfc1 Rfc8 16. Bf1 Bb7 17. Nb5 Bc6 18. Nd4 Bb7 19. Rc2 Rab8 20. Qf2 Nxe4 21.
fxe4 Bxe4 22. Rbc1 Bxc2 23. Rxc2 d5 24. c5 bxc5 25. bxc5 Bxd4 26. Bxd4 f6 27.
Be3 Qc6 28. h4 e5 29. g4 Qe6 30. Be2 Kg7 31. h5 Rb1+ 32. Kh2 Qc6 33. Bf3 Qe6
34. Qd2 d4 35. Bh6+ Kh8 36. Qa5 Qe7 37. Be4 f5 38. Qa6 Qh4+ 39. Kg2 Qh1+ 40.
Kg3 f4+ 41. Bxf4 exf4+ 42. Kxf4 Rf8+ 43. Ke5 Re8+ 44. Kf6 Qxe4 0-1

[Event "DEM U16w 2010"]
[Site "Oberhof GER"]
[Date "2010.05.23"]
[Round "2"]
[White "Zeller, Elisa"]
[Black "Kostré, Margarita"]
[Result "0-1"]
[Termination "normal"]
[Board "5"]
[WhiteElo "1708"]
[BlackElo "1779"]
[PlyCount "56"]
[WhiteFideId "24662410"]
[BlackFideId "4673344"]
[EventCountry "GER"]
[EventRounds "9"]
[EventType "swiss"]
[EventDate "2010.05.22"]

1. e4 e5 2. Nf3 Nc6 3. Bb5 f5 4. Bxc6 dxc6 5. Nxe5 Nf6 6. O-O Bd6 7. d4 O-O 8.
c3 fxe4 9. Bg5 Qe8 10. Qb3+ Be6 11. Qd1 Bxe5 12. dxe5 Ng4 13. h3 Nxe5 14. Qd4
Bxh3 15. f4 exf3 16. gxh3 Qe6 17. Kh2 f2 18. Nd2 Rf3 19. Qh4 h6 20. Be7 Qf5 21.
Bc5 g5 22. Qxf2 Qxh3+ 23. Kg1 Rg3+ 24. Qxg3 Qxg3+ 25. Kh1 Ng4 26. Nf3 Re8 27.
Rad1 Re2 28. Rd8+ Kh7 0-1

[Event "DEM U16w 2010"]
[Site "Oberhof GER"]
[Date "2010.05.23"]
[Round "2"]
[White "Pohl, Theresa"]
[Black "Rogasch, Miriam"]
[Result "1-0"]
[Termination "normal"]
[Board "6"]
[WhiteElo "1821"]
[BlackElo "1884"]
[PlyCount "79"]
[BlackFideId "4616324"]
[EventCountry "GER"]
[EventRounds "9"]
[EventType "swiss"]
[EventDate "2010.05.22"]

1. d4 Nf6 2. c4 g6 3. Nc3 Bg7 4. e4 d6 5. f4 c5 6. d5 O-O 7. Nf3 e6 8. Be2 exd5
9. cxd5 Re8 10. Qc2 Na6 11. O-O Nb4 12. Qb1 Nfxd5 13. Nxd5 Nxd5 14. Bb5 Re7 15.
exd5 Qb6 16. a4 Bf5 17. Qa2 c4+ 18. Kh1 Bd3 19. Bxc4 Bxf1 20. Bxf1 Qf2 21. Bd2
Rd8 22. Bb5 Rc8 23. Rf1 Qb6 24. b3 a6 25. Bc4 Qc5 26. a5 h6 27. Be1 Qe3 28. Bd2
Qc5 29. Qb1 b5 30. axb6 Qxb6 31. Qd3 a5 32. f5 g5 33. Nxg5 hxg5 34. f6 Bxf6 35.
Rxf6 Kg7 36. Bc3 Kg8 37. Rh6 f6 38. Qh3 Kf7 39. Rh7+ Ke8 40. Qxc8+ 1-0

[Event "DEM U16w 2010"]
[Site "Oberhof GER"]
[Date "2010.05.23"]
[Round "2"]
[White "Schäfer, Daniela"]
[Black "Brühan, Caren"]
[Result "1-0"]
[Termination "normal"]
[Board "7"]
[WhiteElo "1917"]
[BlackElo "1458"]
[PlyCount "49"]
[WhiteFideId "4624769"]
[BlackFideId "24691976"]
[EventCountry "GER"]
[EventRounds "9"]
[EventType "swiss"]
[EventDate "2010.05.22"]

1. e4 c5 2. Nf3 Nc6 3. Bb5 e6 4. O-O Nge7 5. c3 g6 6. d4 b6 7. Be3 cxd4 8. cxd4
d5 9. Ne5 Bd7 10. Ng4 Bg7 11. e5 Nf5 12. Nc3 h5 13. Nf6+ Bxf6 14. exf6 Qxf6 15.
Qa4 Nb8 16. Bxd7+ Nxd7 17. Nb5 O-O 18. Nc7 Rad8 19. Qxa7 Nxd4 20. Bh6 Nc6 21.
Qa4 Ncb8 22. Bxf8 Kxf8 23. Qb4+ Kg8 24. Rac1 Rc8 25. Nxd5 1-0

[Event "DEM U16w 2010"]
[Site "Oberhof GER"]
[Date "2010.05.23"]
[Round "2"]
[White "Tran, My Linh"]
[Black "Schmitt, Katrin"]
[Result "1-0"]
[Termination "normal"]
[Board "8"]
[WhiteElo "1801"]
[BlackElo "1728"]
[PlyCount "115"]
[WhiteFideId "24682462"]
[BlackFideId "24654400"]
[EventCountry "GER"]
[EventRounds "9"]
[EventType "swiss"]
[EventDate "2010.05.22"]

1. e4 e5 2. Nf3 Nc6 3. Nc3 Nf6 4. a3 a6 5. d4 exd4 6. Nxd4 Be7 7. Nxc6 dxc6 8.
Qxd8+ Bxd8 9. Bc4 O-O 10. O-O Re8 11. f3 Be7 12. Be3 c5 13. a4 Bd6 14. Rad1 Be6
15. Bxe6 Rxe6 16. b3 Rae8 17. Rd3 h6 18. Rfd1 Kf8 19. g3 g5 20. Kg2 Kg7 21. Re1
Kh7 22. Nd5 Nxd5 23. Rxd5 b6 24. Bc1 Kg6 25. Bb2 f6 26. Rd3 Kf7 27. Rde3 Kg6
28. Rd3 Kf7 29. Rd5 Kg6 30. Rd3 Kf7 31. Rde3 Kg6 32. R3e2 Kf7 33. Bc1 b5 34. c4
c6 35. Rd1 R8e7 36. Red2 Be5 37. Ba3 b4 38. Bb2 Bc7 39. Rd3 Kg6 40. Bc1 Kf7 41.
Rd7 Kg6 42. Rxe7 Rxe7 43. Be3 Bb6 44. Rd6 Bc7 45. Rxc6 a5 46. Kf2 Rd7 47. Ke2
Be5 48. Bxc5 Bc3 49. Rd6 Rf7 50. Bd4 Bxd4 51. Rxd4 h5 52. Rd5 Ra7 53. c5 h4 54.
c6 Rc7 55. Rc5 hxg3 56. hxg3 Kf7 57. Kd3 Ke6 58. Kc4 1-0

[Event "DEM U16w 2010"]
[Site "Oberhof GER"]
[Date "2010.05.23"]
[Round "2"]
[White "Maiwald, Anja"]
[Black "Klek, Hanna-Marie"]
[Result "1/2-1/2"]
[Termination "normal"]
[Board "9"]
[WhiteElo "1478"]
[BlackElo "2133"]
[PlyCount "111"]
[BlackFideId "24670057"]
[EventCountry "GER"]
[EventRounds "9"]
[EventType "swiss"]
[EventDate "2010.05.22"]

1. Nf3 Nf6 2. b3 d6 3. e3 g6 4. Bb2 Bg7 5. Be2 O-O 6. O-O e5 7. d3 c6 8. Nbd2
Re8 9. e4 Nh5 10. Re1 Nf4 11. Bf1 Bg4 12. g3 Nh3+ 13. Kg2 Ng5 14. Be2 Bh3+ 15.
Kg1 Nd7 16. Nxg5 Qxg5 17. Nf3 Qe7 18. Qd2 Nf8 19. Ng5 Bd7 20. Bf1 Bh6 21. f4
Ne6 22. Nxe6 fxe6 23. Qc3 Bg7 24. Bg2 exf4 25. Qxg7+ Qxg7 26. Bxg7 Kxg7 27.
gxf4 e5 28. fxe5 Rxe5 29. Rf1 Rf8 30. Rf3 Rxf3 31. Bxf3 Ra5 32. d4 Kf6 33. h4
Ra3 34. Kf2 a5 35. Bd1 a4 36. Kg2 axb3 37. cxb3 c5 38. e5+ dxe5 39. dxc5 Bc6+
40. Kg3 Bd5 41. Bc2 Ke6 42. Kg4 Ra5 43. b4 Rxa2 44. Rxa2 Bxa2 45. h5 Kf6 46.
Be4 Be6+ 47. Kh4 Bc8 48. b5 g5+ 49. Kg3 h6 50. b6 g4 51. c6 bxc6 52. Bxc6 Kg5
53. b7 Bxb7 54. Bxb7 Kxh5 55. Bc8 Kg5 56. Bxg4 1/2-1/2

[Event "DEM U16w 2010"]
[Site "Oberhof GER"]
[Date "2010.05.23"]
[Round "2"]
[White "Lange, Anika"]
[Black "Zimmerer, Leah"]
[Result "1/2-1/2"]
[Termination "normal"]
[Board "10"]
[WhiteElo "1356"]
[BlackElo "1618"]
[PlyCount "64"]
[WhiteFideId "24693405"]
[BlackFideId "4620240"]
[EventCountry "GER"]
[EventRounds "9"]
[EventType "swiss"]
[EventDate "2010.05.22"]

1. d4 Nf6 2. Nf3 e6 3. e3 b6 4. Bd3 Bb7 5. Nbd2 d6 6. O-O Nbd7 7. b3 Be7 8. Bb2
O-O 9. Re1 c5 10. Rc1 Rc8 11. c3 d5 12. Ne5 Nxe5 13. dxe5 Nd7 14. f4 f6 15.
exf6 Nxf6 16. Qf3 Qd7 17. Qh3 Rcd8 18. Rf1 Bc8 19. Rf3 Qe8 20. f5 exf5 21. Bxf5
Bxf5 22. Rxf5 Bd6 23. Rcf1 Qg6 24. c4 dxc4 25. Nxc4 b5 26. Nxd6 Rxd6 27. Bxf6
Rdxf6 28. Rxf6 gxf6 29. Qe6+ Qf7 30. Qg4+ Kh8 31. Qh4 Qg6 32. Qh3 Qg7 1/2-1/2

[Event "DEM U16w 2010"]
[Site "Oberhof GER"]
[Date "2010.05.23"]
[Round "2"]
[White "Schätz, Bianca"]
[Black "Voggenreiter, Sara"]
[Result "1-0"]
[Termination "normal"]
[Board "11"]
[WhiteElo "1836"]
[BlackElo "1587"]
[PlyCount "89"]
[WhiteFideId "24655821"]
[BlackFideId "24615358"]
[EventCountry "GER"]
[EventRounds "9"]
[EventType "swiss"]
[EventDate "2010.05.22"]

1. e4 d5 2. exd5 Qxd5 3. Nc3 Qa5 4. d4 c6 5. Bc4 Nf6 6. Bd2 Qc7 7. Qe2 Bf5 8.
O-O-O Nbd7 9. h3 b5 10. Bb3 a5 11. g4 Bg6 12. a4 b4 13. Nb1 e6 14. f4 Be4 15.
Nf3 Bd6 16. g5 Bxf3 17. Qxf3 Nd5 18. f5 O-O-O 19. Bxd5 exd5 20. Be3 Nb6 21. b3
Rhe8 22. Nd2 c5 23. dxc5 Bxc5 24. Bxc5 Qxc5 25. Rhe1 Rxe1 26. Rxe1 Kb8 27. Qe3
Qxe3 28. Rxe3 Kc7 29. Nf3 Rd7 30. Nd4 Kd6 31. Kd2 Nc8 32. f6 g6 33. Kd3 Kc5 34.
Nb5 Nd6 35. Nxd6 Kxd6 36. Kd4 Rc7 37. Re5 Rc5 38. h4 Kc6 39. Re8 Kd7 40. Kxc5
Kxe8 41. Kb5 Kd7 42. Kxa5 Kc6 43. Kxb4 Kb6 44. a5+ Kc6 45. c3 1-0